000 00853nam a2200181Ia 4500
008 090124s9999 xx 000 0 und d
082 _b30448
_a835
100 _aघाणेकर प्रफुल्ल केशव ( प्र.के.)
245 _a सहली एक दिवसाच्या परिसरात पुण्याच्या
250 _a1
260 _c2000
300 _a286
600 _aघाणेकर प्रफुल्ल केशव ( प्र.के.)
630 _a सहली एक दिवसाच्या परिसरात पुण्याच्या
700 _aघाणेकर प्रफुल्ल केशव ( प्र.के.)
730 _a सहली एक दिवसाच्या परिसरात पुण्याच्या
942 _cBOOK
999 _c143929
_d143929